| 000 | 00347nam a22001577a 4500 | ||
|---|---|---|---|
| 003 | SGT | ||
| 020 | _a9789354667718 | ||
| 082 |
_a616.024 _bB24K |
||
| 100 | _aKUNDU, ARUP KUMAR | ||
| 245 | _aBEDSIDE CLINICS IN MEDICINE | ||
| 250 | _a9TH | ||
| 260 |
_aINDIA _bCBS PUB _c2024 |
||
| 300 | _a504 | ||
| 650 | _aGENERAL MEDICINE | ||
| 942 |
_2ddc _cBK |
||
| 999 |
_c30444 _d30444 |
||